000
00287nam a22001217a 4500
020
_a
NA
082
_2
22
_a
531
100
_a
Dover Publications,
245
_a
Mechanics /
260
_a
Dover Publications
_b
Dover Publications
_c
c1948
300
_a
462 p, ;
_b
NA
_c
24cm.
942
_2
ddc
_c
GEN
_0
1
999
_c
3375
_d
3375